World's 25 Most Popular Sports - Statistics

General Stats
  • This quiz has been taken 457 times
  • The average score is 17 of 25
Answer Stats
# Answer % Correct
1 Soccer
100%
2 Basketball
98%
13 Football
96%
12 Baseball
91%
4 Tennis
89%
3 Cricket
86%
9 Ice Hockey
86%
5 Athletics
85%
16 Field Hockey
84%
19 Swimming
80%
6 Rugby
77%
11 Golf
74%
10 Volleyball
69%
21 Table Tennis
66%
8 Boxing
61%
24 Wrestling
60%
25 Skiing
57%
17 Badminton
56%
22 Gymnastics
51%
7 Formula 1
49%
14 MMA
46%
18 Cycling
45%
23 Handball
45%
20 Snooker
33%
15 MotoGP
11%
No matching quizzes found
Score Distribution
Percent of People with Each Score
Percentile by Number Answered
Your Score History
You have not taken this quiz